Rozlet mesačník pre literatúru a umenie
| Korporácia: | , , , , , , |
|---|---|
| Ďalší autori: | , , , |
| Médium: | Časopis |
| Jazyk: | slovenčina |
| Fyzický popis: | 1 roč. 29 x 21 cm |
| Vydavateľské údaje: |
Nitra
Naše slovo v Prievidzi KV ČSM v Nitre
1/III 1960
Nitra Krajský dom osvety v Nitre Krúžok mladých autorov v Nitre Nitra Okresný dom osvety v Nitre Krúžok mladých autorov v Nitre |
| Predmet: |
MARC
| LEADER | 00000nas a22000001a 4500 | ||
|---|---|---|---|
| 001 | vtls010302127 | ||
| 003 | SK-MaSNL | ||
| 005 | 20260228163042.0 | ||
| 008 | 110810d19601960xo mr p r 0 b0slo | ||
| 015 | |a SNBDS17XX9999 | ||
| 015 | |a 1348 |2 Balúnová 1945-60 | ||
| 038 | |a SNKBUDS | ||
| 040 | |a SNK |b slo |c SNK |e AACR2 | ||
| 041 | 0 | |a slo | |
| 044 | |a xo |c SK | ||
| 080 | |a 82.0 |2 2001 | ||
| 080 | |a 808.1 |2 2001 | ||
| 080 | |a 7 |2 2001 | ||
| 245 | 0 | 0 | |a Rozlet |b mesačník pre literatúru a umenie |
| 260 | |a Nitra |b Naše slovo v Prievidzi |b KV ČSM v Nitre |c 1/III 1960 | ||
| 260 | 2 | |3 2/III 1960-5/III 1960 |a Nitra |b Krajský dom osvety v Nitre |b Krúžok mladých autorov v Nitre | |
| 260 | 3 | |3 6/III 1960-7/III 1960 |a Nitra |b Okresný dom osvety v Nitre |b Krúžok mladých autorov v Nitre | |
| 300 | |a 1 roč. |c 29 x 21 cm | ||
| 310 | |a 1x mesačne | ||
| 362 | 0 | |a Roč. III, č. 1-č. 7 (1960) | |
| 500 | |a Vych. v Nitre mesačne | ||
| 500 | |a Hlav. red. Ľudovít Fuchs s red. radou, od 2/III (febr. 1960) preds. red. rady Ľubor Bátovský, od 6/ III (1960) Mikula. Výtvarná spolupráca Jozef Fedora, len v 1/III (jan. 1960) | ||
| 500 | |a Vyd. Naše slovo v Prievidzi za spolupráce KV ČSM v Nitre, od 2/III (febr. 1960) Krajský dom osvety v Nitre za spolupráce Krúžku mladých autorov v Nitre, od 6/III (1960) Okresný dom osvety v Nitre za spolupráce Krúžku mladých autorov v Nitre | ||
| 500 | |a Tlač. Západoslov. tlačiarne, n. p. v Bratislave, prev. 11, Prievidza, od 2/III (febr. 1960) Západoslov. tlačiarne, n. p., krajský záv. 10, Nitra | ||
| 500 | |a Po č. 1/1960 vych. ako literárna príloha Nášho slova v Prievidzi (okresné roľnícke noviny), za spolupráce KV ČSM v Nitre so schválením PŠK č. HSV-1217/58 C z 26. marca 1958. Od č. 2/1960 samostatný časopis, mesačník Krajského domu osvety v Nitre s povolením Odboru školstva a kultúry Rady KNV v Nitre pod č. 526/1960-N zo 7. marca 1960 | ||
| 505 | 8 | 0 | |g Roč. III. 1960 7 č. po 16 s. |
| 650 | 0 | 7 | |a literatúra |2 SNKPH |9 1427 |
| 650 | 0 | 7 | |a literárna tvorba |2 SNKPH |9 4226 |
| 650 | 0 | 7 | |a umenie |2 SNKPH |9 1060 |
| 655 | 7 | |a literárno-umelecké časopisy |2 SNKBUDS |9 272884 | |
| 700 | 1 | |a Fuchs, Ľudovít, |d 1926-2015 |4 pbd |9 122488 | |
| 700 | 1 | |a Bátovský, Ľubor |4 pbd |9 265305 | |
| 700 | 1 | |a Mikula |4 pbd |9 272885 | |
| 700 | 1 | |a Fedor, Jozef |4 clb |9 53892 | |
| 710 | 2 | |a Naše slovo (Prievidza, Slovensko) |9 272886 | |
| 710 | 2 | |a Západoslovenské tlačiarne, n.p. (Bratislava, Slovensko). |b Prevádzka Prievidza |9 272479 | |
| 710 | 2 | |a Krajský dom osvety (Nitra, Slovensko)) |9 272887 | |
| 710 | 2 | |a Západoslovenské tlačiarne, n.p. (Bratislava, Slovensko). |b Závod Nitra |9 269118 | |
| 710 | 2 | |a Okresný dom osvety (Nitra, Slovensko) |9 172086 | |
| 710 | 2 | |a Krúžok mladých autorov (Nitra, Slovensko) |9 272888 | |
| 710 | 2 | |a Československý zväz mládeže. |b Krajský výbor (Nitra, Slovensko) |9 272889 | |
| 772 | 0 | |t Naše slovo | |
| 852 | |a SNK |b 10000 |h ČSC 1021 | ||
| 852 | |a SVKKK |b 900000 |h C 2454 | ||
| 999 | |c 8801 |d 10731 | ||


